<?xml version="1.0" encoding="UTF-8"?>
<record
    xmlns:xsi="http://www.w3.org/2001/XMLSchema-instance"
    xsi:schemaLocation="http://www.loc.gov/MARC21/slim http://www.loc.gov/standards/marcxml/schema/MARC21slim.xsd"
    xmlns="http://www.loc.gov/MARC21/slim">

  <leader>04913cam a2200421 i 4500</leader>
  <datafield tag="999" ind1=" " ind2=" ">
    <subfield code="c">27266</subfield>
    <subfield code="d">27266</subfield>
  </datafield>
  <controlfield tag="006">m     o  d        </controlfield>
  <controlfield tag="007">cr cn|||||||||</controlfield>
  <controlfield tag="008">140214r20111996enka    o     000 0 eng d</controlfield>
  <datafield tag="020" ind1=" " ind2=" ">
    <subfield code="a">9780857093196</subfield>
    <subfield code="q">(electronic bk.)</subfield>
  </datafield>
  <datafield tag="020" ind1=" " ind2=" ">
    <subfield code="a">0857093193</subfield>
    <subfield code="q">(electronic bk.)</subfield>
  </datafield>
  <datafield tag="040" ind1=" " ind2=" ">
    <subfield code="a">E7B</subfield>
    <subfield code="b">eng</subfield>
    <subfield code="e">rda</subfield>
    <subfield code="e">pn</subfield>
  </datafield>
  <datafield tag="072" ind1=" " ind2="7">
    <subfield code="a">TEC</subfield>
    <subfield code="x">040000</subfield>
    <subfield code="2">bisacsh</subfield>
  </datafield>
  <datafield tag="082" ind1="0" ind2="4">
    <subfield code="a">671.52</subfield>
    <subfield code="2">23</subfield>
  </datafield>
  <datafield tag="100" ind1="1" ind2=" ">
    <subfield code="a">Boekholt, Richard.</subfield>
  </datafield>
  <datafield tag="245" ind1="1" ind2="0">
    <subfield code="a">Welding mechanization and automation in shipbuilding worldwide /</subfield>
  </datafield>
  <datafield tag="260" ind1=" " ind2=" ">
    <subfield code="a">Singapore :</subfield>
    <subfield code="b">Elsevier,</subfield>
    <subfield code="c">1996.</subfield>
  </datafield>
  <datafield tag="300" ind1=" " ind2=" ">
    <subfield code="a">1 online resource (253 pages) :</subfield>
    <subfield code="b">illustrations</subfield>
  </datafield>
  <datafield tag="490" ind1="1" ind2=" ">
    <subfield code="a">Woodhead Publishing Series in Welding and Other Joining Technologies</subfield>
  </datafield>
  <datafield tag="505" ind1="0" ind2=" ">
    <subfield code="a">Front Cover; Welding Mechanization and Automation in Shipbuilding Worldwide; Copyright Page; Table of Contents; Foreword by Paul Drews; Introduction by Tadao Saitoh; Chapter 1. Introduction to the project; SHIPYARDS WHICH CONTRIBUTED TO THE PROJECT; CLASSIFICATION OF SHIPYARDS CONTRIBUTING TO THE PROJECT; SHIPYARD PROFILE; FACILITIES WITHIN THE SHIPYARDS; Chapter 2. Building methods, ship structures and welding methods; STEEL FABRICATION AND PANEL LINE CONCEPT; MECHANIZED AND AUTOMATIC WELDING ON PANEL LINES; SMALL PANEL PRODUCTION LINE FOR BULKHEADS, WEBS, ETC</subfield>
  </datafield>
  <datafield tag="505" ind1="8" ind2=" ">
    <subfield code="a">ASSEMBLY METHODS FOR DOUBLE-HULL BLOCKS [2a] USED BY SHI OPPAMA SHIPYARDPRINCIPLES OF BLOCK ASSEMBLY PROCESSES IN JAPAN; LNG CARRIERS AND ADVANCED NEW CONSTRUCTION TECHNIQUE FOR LNG CARGO TANKS [2]; Chapter 3. Welding systems and processes used in the fabrication, assembling and building dock; WELDING SYSTEM USED IN THE ERECTION STAGE OF SHIPBUILDING IN JAPAN [3]; SELECTION OF WELDING PROCESSES IN THE ERECTION STAGE [4]; Chapter 4. The use of semi-automatic and automatic GMAW and FCAW in shipbuilding; SEMI-AUTOMATIC AND AUTOMATIC WELDING IN JAPANESE SHIPYARDS [5]</subfield>
  </datafield>
  <datafield tag="505" ind1="8" ind2=" ">
    <subfield code="a">SEMI-AUTOMATIC AND AUTOMATIC WELDING IN EUROPEAN SHIPYARDSSELF-SHIELDED WIRE WELDING USED FOR SHIPBUILDING; SIMPLE MECHANIZATION OF WELDING WITH THE GMAW AND FCAW PROCESSES [9]; ARC WELDING TRACTOR GUIDED BY SENSORS FOR SHIP LATTICE STRUCTURES [10]; THE USE OF SHIELDING GAS FOR FCAW IN SHIPBUILDING; Chapter 5. The influence of shop primers on weld quality for mechanized or automated welding; Chapter 6. The introduction and use of welding robots; MECHANIZATION AND AUTOMATION IN WELDING; FLEXIBLE AUTOMATED WELDING; THE USE OF ROBOTIC WELDING IN SHIPYARDS [12]</subfield>
  </datafield>
  <datafield tag="505" ind1="8" ind2=" ">
    <subfield code="a">RECENT DEVELOPMENTS IN THE JAPANESE SHIPYARDS IN WELDING MECHANIZATION, AUTOMATION AND ROBOTIZATION [14]MECHANIZATION AND AUTOMATION DEVELOPMENTS IN SHIPBUILDING [16]; ROBOTIZATION IN ONE-OFF (NON-REPETITIVE) PRODUCTION BY ODENSE STEEL SHIPYARD, DENMARK [15]; Chapter 7. Use of plate and profile cutting systems; PRODUCTION LINES FOR MECHANIZATION AND AUTOMATION ON THE LARGEST SHIPYARDS; CUTTING SYSTEMS; DIFFERENCES IN THE USE OF PLASMA CUTTING BETWEEN EUROPE AND JAPAN; Chapter 8. Future objectives, trends and developments in welding engineering and technology; CATEGORY 1 AND 2 SHIPYARDS</subfield>
  </datafield>
  <datafield tag="505" ind1="8" ind2=" ">
    <subfield code="a">CATEGORY 3 AND 4 SHIPYARDSSUMMARY OF REPORTED FUTURE OBJECTIVES, TRENDS AND DEVELOPMENTS IN WELDINGENGINEERING AND TECHNOLOGY (1993); Chapter 9. Estimated productivity improvement by welding mechanization and automation; GENERAL APPROACHES TO IMPROVE PRODUCTIVITY IN SHIPBUILDING; PRODUCTIVITY IMPROVEMENT BY MECHANIZATIONOR AUTOMATION OF WELDING; CALCULATED WELDING OUTPUT FOR SMALL AND MEDIUM SIZED SHIPYARDS; WELDING OUTPUT CALCULATIONS FOR SMALL ANDMEDIUM SIZED EUROPEAN SHIPYARDS; THE DEGREE OF WELDING MECHANIZATION ANDAUTOMATION</subfield>
  </datafield>
  <datafield tag="520" ind1=" " ind2=" ">
    <subfield code="a">This report contains information from more than sixty shipyards from around the world, and gives a unique inventory of the different aspects of welding mechanization and automation used in building large, middle and small-sized ships. Shipbuilders, marine engineers and trade organisations will welcome and value this unique collection of data, assembled for the first time in such a comprehensive format, and interpreted by the author into trends for the future operation of the industry.</subfield>
  </datafield>
  <datafield tag="546" ind1=" " ind2=" ">
    <subfield code="a">English.</subfield>
  </datafield>
  <datafield tag="650" ind1=" " ind2="0">
    <subfield code="a">Ships</subfield>
    <subfield code="x">Welding</subfield>
    <subfield code="x">Automation.</subfield>
  </datafield>
  <datafield tag="650" ind1=" " ind2="0">
    <subfield code="a">Welding.</subfield>
  </datafield>
  <datafield tag="650" ind1=" " ind2="0">
    <subfield code="a">Ships</subfield>
    <subfield code="x">Production.</subfield>
  </datafield>
  <datafield tag="650" ind1=" " ind2="6">
    <subfield code="a">Soudage.</subfield>
  </datafield>
  <datafield tag="650" ind1=" " ind2="7">
    <subfield code="a">welding.</subfield>
    <subfield code="2">aat</subfield>
  </datafield>
  <datafield tag="650" ind1=" " ind2="7">
    <subfield code="a">TECHNOLOGY &amp; ENGINEERING</subfield>
    <subfield code="x">Technical &amp; Manufacturing Industries &amp; Trades.</subfield>
    <subfield code="2">bisacsh</subfield>
  </datafield>
  <datafield tag="650" ind1=" " ind2="7">
    <subfield code="a">Welding.</subfield>
    <subfield code="2">fast</subfield>
  </datafield>
  <datafield tag="700" ind1="1" ind2=" ">
    <subfield code="a">Drews, Paul,</subfield>
    <subfield code="d">1858-1912.</subfield>
  </datafield>
  <datafield tag="776" ind1="0" ind2="8">
    <subfield code="i">Print version:</subfield>
    <subfield code="a">Boekholt, Richard.</subfield>
    <subfield code="t">Welding mechanization and automation in shipbuilding worldwide.</subfield>
    <subfield code="d">Cambridge, England ; Philadelphia, Pennsylvania ; New Delhi, India : Abington Publishing, 2011, &#xFFFD;1996</subfield>
    <subfield code="h">vii, 244 pages</subfield>
    <subfield code="z">9781855732193</subfield>
  </datafield>
  <datafield tag="830" ind1=" " ind2="0">
    <subfield code="a">Woodhead Publishing series in welding and other joining technologies.</subfield>
  </datafield>
  <datafield tag="856" ind1="4" ind2="0">
    <subfield code="u">https://www.sciencedirect.com/science/book/9781855732193</subfield>
  </datafield>
  <datafield tag="942" ind1=" " ind2=" ">
    <subfield code="c">EBK</subfield>
  </datafield>
</record>
